000 00926nam a22001577a 4500
003 OSt
005 20151021093500.0
008 151021b xxu||||| |||| 00| 0 eng d
040 _cRUA
082 _aAVM CHA 2009 B089 Or.1
100 _92585
_aCHAY, CHANTHRON.
245 _aThe effect of using sun-dry sesbanialeave replacingsoy bean as ingredient feed growthrate of chicken at animal experimental station of the rua​ (ឥទ្ធិពលនៃការប្រើប្រាស់ស្លឺកអង្គាដីក្រៀមជំនួសសណ្ដែកសៀងជាចំណីផ្សំលើការលូតលាស់របស់មាន់សាច់នៅស្ថានីយ៏ចិញ្ចឺមសត្វនៃសាកលវិទ្យាល័យភូមិន្ទកសិកម្ម)
260 _aPhnom Penh
_bRUA
_c2009
300 _axi, 44p.
_bill.
_c29cm.
942 _2ddc
_cAVM
999 _c2432
_d2432